000 01124nam a22002777a 4500
999 _c119491
_d119491
003 dpl
005 20190206120805.0
008 190206b ||||| |||| 00| 0 eng d
010 _aB-114150
020 _c70.00
_a812630984
035 _aB-114150, B-114172
037 _bCen Lib/Ret
040 _aDPL
_bHN
_c0
082 _a821
_bशरद
100 _aशरद रंजन शरद
_9217
245 _aएक ही तो है आखर /
_cशरद रंजन शरद
246 _aEk hi to hai akhar /
_bby Sharad Ranjan Sharad
260 _aनयी दिल्ली
_bभारतीय ज्ञानपीठ
_c2004
270 _bनयी दिल्ली
_a18, इन्सटीतुशंल एरिया, लोदी रोड
_e110003
300 _a104पृ.
_c20सेमी(सजिल्द )
650 _aसाहित्य--कवितायेँ
_x
_z
_985222
650 _aहिंदी--कवितायेँ
_92082
650 _aLiterature--Poetry
_985223
650 _aHindi--Poetry
_985224
942 _2ddc
_cHN
_h821
_mशरद